Países com aves em suas bandeiras - Statistics

Estatísticas Gerais
  • Esse quiz foi jogado 47 vezes
  • A pontuação média é 11 de 13
Estatísticas das Respostas
Imagem Resposta % Correto
méxico
98%
albânia
93%
egito
93%
equador
90%
papua-nova-guiné
88%
sérvia
88%
uganda
88%
bolívia
86%
montenegro
83%
guatemala
81%
kiribati
81%
dominica
79%
zâmbia
79%
Nenhum quiz correspondente encontrado
Distribuição das Pontuações
Porcentagem de Pessoas com Cada Pontuação
Percentil de Números Respondidos
Sua Pontuação Histórica
Você não jogou esse quiz